| 000 | 00507nam a2200145 a 4500 | ||
|---|---|---|---|
| 001 | 000044768 | ||
| 005 | 20201002045619.0 | ||
| 008 | 150109s2013 dr a 000 0 spa d | ||
| 040 |
_aDO-SdBNP _bspa _cBNPHU |
||
| 082 |
_axxxxxxx _bxxxxxxx |
||
| 245 | 1 | 0 |
_aManual de Usuario : _boperación y mantenimiento de acueductos y sistemas solares (fotovoltáicos). |
| 260 |
_aSanto Domingo : _bSave The Children, _c2013. |
||
| 300 |
_a24 p. : _bil. ; _c20 cm. |
||
| 700 | 1 |
_aFundación para el Desarrollo Comunitario _972780 |
|
| 999 |
_c44257 _d44257 |
||